Đối thoại thiền
Đã lưu trong:
| Príomhúdar: | |
|---|---|
| Formáid: | Leabhar |
| Teanga: | Undetermined |
| Foilsithe: |
Hà Nội
Phương Đông
2007
|
| Ábhair: | |
| Clibeanna: |
Cuir Clib Leis
Gan Chlibeanna, Bí ar an gcéad duine leis an taifead seo a chlibeáil!
|
| Thư viện lưu trữ: | Trung tâm Học liệu Trường Đại học Cần Thơ |
|---|
| LEADER | 00542nam a2200205Ia 4500 | ||
|---|---|---|---|
| 001 | CTU_128408 | ||
| 008 | 210402s9999 xx 000 0 und d | ||
| 020 | |c 55000 | ||
| 082 | |a 294.3927 | ||
| 082 | |b Gi103 | ||
| 100 | |a Giai Không | ||
| 245 | 0 | |a Đối thoại thiền | |
| 245 | 0 | |c Giai Không | |
| 260 | |a Hà Nội | ||
| 260 | |b Phương Đông | ||
| 260 | |c 2007 | ||
| 650 | |a Wit and humor | ||
| 650 | |x Religious aspects,Zen buddhism | ||
| 904 | |i Hiếu | ||
| 980 | |a Trung tâm Học liệu Trường Đại học Cần Thơ | ||